LEADER 01184nam 2200361 450 001 9910511332803321 010 $a3-8325-9404-3 035 $a(CKB)4340000000244342 035 $a(MiAaPQ)EBC5247091 035 $a(EXLCZ)994340000000244342 100 $a20180529d2016 uy 0 101 0 $ager 135 $aurcnu|||||||| 181 $ctxt$2rdacontent 182 $cc$2rdamedia 183 $acr$2rdacarrier 200 10$aGu?tekriterien diktiona?rsbasierter Textanalysen zur Erfassung doma?nenspezifischer Kommunikationsinhalte /$fMichael Heilemann 210 1$aBerlin :$cLogos Verlag Berlin,$d[2016] 210 4$dİ2016 215 $a1 online resource (270 pages) 311 $a3-8325-4255-8 606 $aDiscourse analysis$xData processing 608 $aElectronic books. 615 0$aDiscourse analysis$xData processing. 676 $a401.410285 700 $aHeilemann$b Michael$01066673 801 0$bMiAaPQ 801 1$bMiAaPQ 801 2$bMiAaPQ 906 $aBOOK 912 $a9910511332803321 996 $aGu?tekriterien diktiona?rsbasierter Textanalysen zur Erfassung doma?nenspezifischer Kommunikationsinhalte$92549740 997 $aUNINA LEADER 01759nam0 22003853i 450 001 UFI0479324 005 20251003044429.0 010 $a8881844028 100 $a20100929d2006 ||||0itac50 ba 101 | $aita 102 $ait 181 1$6z01$ai $bxxxe 182 1$6z01$an 183 1$6z01$anc$2RDAcarrier 200 1 $aCalcolo degli edifici in muratura in zona sismica$esoftware di analisi statica lineare e verifiche di sicurezza agli stati limite secondo il D.M. 16/1/1996, le O.P.C.M. n. 3274/2003 - n. 3431/2005 e D.M. 14/9/2005$fdi Franco Iacobelli 205 $a2. ed 210 $aRoma$cEPC Libri$d2006 215 $a176 p.$d25 cm$e1 CD ROM. 225 | $aSoftware per la progettazione$i. Edilizia 410 0$1001MIL0688138$12001 $aSoftware per la progettazione$i. Edilizia 606 $aCostruzioni antisismiche$xCalcolo$xProgrammi per microelaboratori$2FIR$3CFIC077613$9I 606 $aMicroelaboratori elettronici$xProgrammi SISMUR$2FIR$3BVEC223122$9I 676 $a693.80285$9COSTRUZIONE PER SPECIFICI SCOPI. Elaborazione dei dati. Applicazioni dell'elaboratore$v14 676 $a693.8520285536$9COSTRUZIONE ANTISISMICA. Programmi specifici per microelaboratori$v22 696 $aCalcoli 699 $aCalcolo$zCalcoli 700 1$aIacobelli$b, Franco$3RMSV051801$4070$0434985 801 3$aIT$bIT-000000$c20100929 850 $aIT-BN0095 901 $bNAP 01$cSALA DING $n$ 912 $aUFI0479324 950 0$aBiblioteca Centralizzata di Ateneo$c1 v. + 1 CD-ROM$d 01SALA DING 693.80285 IAC.ca$e 0102 0000063425 VMA A4 1 v. + 1 CD-ROM$fY $h20070906$i20070906 977 $a 01 996 $aCalcolo degli edifici in muratura in zona sismica$9103576 997 $aUNISANNIO